00374pab a2200133 454500008004000000100001700040245003500057260000900092300001300101650002700114650003400141650003900175773002600214180718b2004 xxu||||| |||| 00| 0 eng d aMclean, Iain aFiscal federalism in Australia c2004 ap.21-38. aFederalism - Australia aFiscal federalism - Australia aIntergovernmental fiscal relations aPublic Administration